Najpopularniejsze piosenki Quebonafide - Statystyki

Ogólne statystyki
  • Ten quiz został rozwiązany 75 razy
  • Średni wynik to 8 z 15
Statystyki odpowiedzi
Wyświetlenia Piosenka % Poprawnych
2. 119.677.855 TACONAFIDE - Tamagotchi
91%
7. 54.210.695 Quebonafide ft. Daria Zawiałow - BUBBLETEA
89%
1. 122.764.647 Quebonafide ft. ReTo - Half dead
83%
3. 104.782.368 Quebonafide ft. Klaudia Szafrańska - Candy
79%
13. 30.266.001 Quebonafide x FORXST - Madagaskar
75%
11. 38.408.754 Quebonafide - Bogini
57%
8. 41.484.821 Quebonafide - Zorza
53%
6. 62.628.688 TACONAFIDE - Kryptowaluty
51%
12. 30.924.559 Quebonafide - quebahombre
38%
10. 39.465.481 Quebonafide - C'est la Vie
36%
5. 62.870.545 ReTo ft. Quebonafide - Sorry Dolores
28%
9. 39.517.080 Quebonafide ft. PlanBe - Kawa i xanax
25%
4. 71.430.728 Mata ft. Quebonafide, Malik Montana - Papuga
23%
15. 28.943.283 Pawbeats ft. Quebonafide, Kasia Grzesiek - Euforia
19%
14. 29.813.182 Quebonafide ft. Young Lungs - Między słowami
19%
Nie znaleziono quizów pasujących do podanych kryteriów
Rozkład punktacji
Procent ludzi z każdym wynikiem
Percentyl według liczby udzielonych odpowiedzi
Twoja historia wyników
Nie rozwiązałeś tego quizu